| 000 | 00530nam a22002057a 4500 | ||
|---|---|---|---|
| 005 | 20250320151000.0 | ||
| 008 | 250320b |||||||| |||| 00| 0 eng d | ||
| 020 |
_a9788177588835 _c1480.00 |
||
| 040 | _aMAIN | ||
| 041 | _aEnglish | ||
| 082 |
_a610.28 _bCAR |
||
| 100 |
_aCarr, joseph J. _925393 |
||
| 245 | _aIntroduction to biomedical equipment technology | ||
| 250 | _a4th | ||
| 260 |
_aNoida _bPearson _c2024 |
||
| 300 | _a761 | ||
| 650 |
_aBiological Science _914046 |
||
| 700 |
_aBrown, John M. _925394 |
||
| 942 | _cBK | ||
| 999 |
_c59500 _d59500 |
||